| 000 | 00597nam a2200205 i 4500 | ||
|---|---|---|---|
| 001 | 82173 | ||
| 003 | ES-MaACL | ||
| 005 | 20260529161208.0 | ||
| 007 | t| | ||
| 008 | 041129s1997 sp ||||1| spa d | ||
| 020 | _a84-204-2953-8 | ||
| 080 | _a821.111(73)-31"19" | ||
| 100 |
_aBellow, Saul, _d1915-2005 _9180457 |
||
| 245 | 1 | 3 |
_aLa verdadera / _cSamuel Bellow ; traducción de José Luis López Muñoz. |
| 260 |
_aMadrid : _bAlfaguara, _c[1997] |
||
| 300 |
_a138 p. ; _c22 cm. |
||
| 700 | 1 |
_aLópez Muñoz, José Luis. _973816 |
|
| 852 |
_aES-MaACL _jE-10532 _bR.134653 |
||
| 999 |
_c82173 _d82173 |
||